000 01090nam a2200301 i 4500
003 DO-SdBNP
005 20250627112726.0
007 ta
008 250627r199u dr ab||| |||| 00| 0 spa d
040 _aDO-SdBNP
_bspa
_cBNPHU
_drda
041 _hspa
082 4 _axxx
_bR696
_222
100 1 _aRodríguez, Basilia
_eautora
_985434
_4aut.
245 1 0 _aEspañol y estudios sociales 3º:
_blibro de texto /
_cBasilia Rodríguez, Elia Abreu, Ligia Ramírez
264 4 _a[Santo Domingo] :
_bSecretaría de Estado de Educación, Bellas Artes y Cultos,
_c[199-]
300 _a73 páginas :
_bilustraciones, gráficas ;
_c27 cm.
336 _atexto
_btxt
_2rdacontent
337 _asinmediación
_bn
_2rdamedia
338 _avolumen
_bnc
_2rdacarrier
500 _aLibro de texto de 3º grado primaria.
590 _aInventariado 2025 / YL
650 4 _aLengua Española
_xLibro de Texto
_928072
650 0 _aCiencias sociales
_xLibro de Texto
_91065
700 1 _aAbreu, Elia
_985434
_eautor
_4aut.
700 1 _aRamírez, Ligia,
_984317
_eautora
_4aut.
910 _aYLlockward
942 _2ddc
_cLBS1
999 _c59390
_d59390